Normal view
MARC view
- عابد، عبد القاد ؛ م. مشارك بديع العايد
Entry Personal Name
001 - CONTROL NUMBER
- control field: 12014
003 - CONTROL NUMBER IDENTIFIER
- control field: JO-AjAnu
005 - DATE AND TIME OF LATEST TRANSACTION
- control field: 20230606072228.0
008 - FIXED-LENGTH DATA ELEMENTS
- fixed length control field: 230606|| aca||aabn | a|a d
040 ## - CATALOGING SOURCE
- Original cataloging agency: JO-AjAnu
- Transcribing agency: JO-AjAnu
100 ## - HEADING--PERSONAL NAME
- Personal name: عابد، عبد القاد ؛ م. مشارك بديع العايد
670 ## - SOURCE DATA FOUND
- Source citation: Work cat.: (JO-AjAnu)6190: عابد، عبد القاد ؛ م. مشارك بديع العايد , author, دور التراث العلمي العربي الاسلامي في المنجزات العلمية الغربية